000 00592nam a2200241 a 4500
001 nice12345678
003 IN_TiNIC
005 20260116011810.0
008 050524s1328 hyda grp 000 0 ara
020 _a
_c100
082 0 0 _a297.1248
_bMUH
100 _aMuhammad, Kasim Al-Lari
245 _aAhadis-E-Shiah
260 _aHyderabad
_bMatba` Subhani
_c1328
300 _a225p.
500 _aincludes index and biblioraphy
505 2 _aworld christian books
650 _aHadith-Shiah
700 1 _aMuhammad, Kasim Al-Lari
902 _bRHR
942 _cBK
999 _c4060
_d4060